European management: steering the future towards the present.
Analýza európskych metód riadenia. Zmeny v štýle riadenia. Transformácia socioekonomického kontextu reprezentovaného jednotným európskym trhom. Transformácia riadenia vo východnej Európe - ašpirácie východnej Európy smerom k terajšiemu "Eldorádu". Zmeny v štruktúre procesu riadenia.
Guardado en:
| Autor principal: | |
|---|---|
| Formato: | Capítulo de libro |
| Lenguaje: | inglés |
| Materias: | |
| Etiquetas: |
Sin Etiquetas, Sea el primero en etiquetar este registro!
|
MARC
| LEADER | 00000naa a2200000 4500 | ||
|---|---|---|---|
| 001 | r010051 | ||
| 005 | 20221213084920.6 | ||
| 041 | 0 | |a eng | |
| 044 | |a GB | ||
| 245 | 1 | 0 | |a European management: steering the future towards the present. |c I. Orgogozo |
| 520 | |a Analýza európskych metód riadenia. Zmeny v štýle riadenia. Transformácia socioekonomického kontextu reprezentovaného jednotným európskym trhom. Transformácia riadenia vo východnej Európe - ašpirácie východnej Európy smerom k terajšiemu "Eldorádu". Zmeny v štruktúre procesu riadenia. | ||
| 610 | 2 | 0 | |a manažment |
| 610 | 2 | 0 | |a Európa |
| 610 | 2 | 0 | |a riadenie |
| 610 | 2 | 0 | |a trh medzinárodný |
| 610 | 2 | 0 | |a východná Európa |
| 610 | 2 | 0 | |a metódy riadenia |
| 100 | 1 | |a Orgogozo, I. | |